000 00368 a2200169 4500
001 183271
020 _a85-01-05414-3
040 _cMagnum
100 _aSheldon, Sidney
240 1 0 _aConte-me seus sonhos
_lpor
245 1 0 _aConte-me seus sonhos
300 _a348
362 0 _a2002
440 1 _aRecord
697 _aLITERATURA GERAL ESTRANGEIRA
942 _cBK
999 _c183271
_d183271